| 000 | 00471nam a2200157 i 4500 | ||
|---|---|---|---|
| 001 | 21538 | ||
| 003 | ES-MaACL | ||
| 005 | 20230906152511.0 | ||
| 007 | t| | ||
| 008 | 021126s1963 sp ||||1| spa d | ||
| 100 | 1 |
_aAlborta Velasco, Guillermo. _919419 |
|
| 245 | 1 | 3 |
_aEl flagelo de la inflación monetaria en Bolivia, pais monoproductor / _cAlborta Velasco. |
| 260 |
_aMadrid : _bRomanica, _c1963. |
||
| 300 |
_a469 p. ; _c24 cm. |
||
| 852 |
_aES-MaACL _jC-23578 _bR.52097 |
||
| 999 |
_c21538 _d21538 |
||